|
|
|
|
| LEADER |
00000nam0a2200000 4500 |
| 001 |
225093 |
| 005 |
20231101230634.0 |
| 010 |
|
|
|a 9785891185913
|
| 035 |
|
|
|a (RuTPU)RU\TPU\book\245424
|
| 090 |
|
|
|a 225093
|
| 100 |
|
|
|a 20121106d2012 k y0rusy50 ca
|
| 101 |
0 |
|
|a rus
|
| 102 |
|
|
|a RU
|
| 105 |
|
|
|a y l 000zy
|
| 200 |
1 |
|
|a Металлогенический кодекс России
|f Центральный научно-исследовательский геологоразведочный институт цветных и благородных металлов (ЦНИГРИ) ; Межрегиональный центр по геологической картографии (Геокарт) ; под ред. Н. П. Лаверова, А. Ф. Морозова
|
| 210 |
|
|
|a Москва
|c Геокарт
|c ГЕОС
|d 2012
|
| 215 |
|
|
|a 125 с.
|
| 316 |
|
|
|5 63413507: КР-7564
|a На титульном листе владельческая подпись: «Л. Рихванов»
|
| 317 |
|
|
|5 63413507: КР-7564
|a Поступил в НТБ в 2021 г. в дар от семьи профессора ТПУ Л. П. Рихванова
|
| 330 |
|
|
|a Металлогенический (минерагенический) кодекс России является третьим отечественным геологическим кодексом (после стратиграфического и петрографического); он не имеет аналогов в мире. Кодекс предназначен для использования при геологическом изучении недр и воспроизводстве минерально-сырьевой базы в качестве нормативно-методического документа (стандарта). Он регламентирует правила выделения и изучения металлогенических (минерагенических) таксонов, устанавливает их классификацию, систематику, таксономию, терминологию и номенклатуру. Кодекс состоит из 9-ти глав, содержит 49 статей и 18 приложений. При его составлении учтены отечественные и мировые разработки в областях металлогении (минерагении), тектоники, геохимии, формационного анализа и рудообразования.
|
| 606 |
1 |
|
|a Металлогения
|x (рудообразование)
|2 stltpush
|3 (RuTPU)RU\TPU\subj\42412
|9 62079
|
| 610 |
1 |
|
|a металлогенический кодекс
|
| 610 |
1 |
|
|a минерагенический кодекс
|
| 610 |
1 |
|
|a Россия
|
| 610 |
1 |
|
|a нормативно-методические документы
|
| 610 |
1 |
|
|a металлогенические таксоны
|
| 610 |
1 |
|
|a месторождения полезных ископаемых
|
| 610 |
1 |
|
|a твердые полезные ископаемые
|
| 610 |
1 |
|
|a рудные формации
|
| 610 |
1 |
|
|a метасоматические формации
|
| 610 |
1 |
|
|a геологические формации
|
| 610 |
1 |
|
|a металлогенические формации
|
| 610 |
1 |
|
|a прогнозные ресурсы
|
| 610 |
1 |
|
|a Библиотека Л. П. Рихванова
|
| 610 |
1 |
|
|a дары библиотеке
|
| 610 |
1 |
|
|a владельческие подписи
|
| 675 |
|
|
|a 553.2.07
|v 3
|
| 702 |
|
1 |
|a Лаверов
|b Н. П.
|4 340
|
| 702 |
|
1 |
|a Морозов
|b А. Ф.
|4 340
|
| 712 |
0 |
2 |
|a Центральный научно-исследовательский геологоразведочный институт цветных и благородных металлов (ЦНИГРИ)
|c (Москва)
|c (1972- )
|2 stltpush
|3 (RuTPU)RU\TPU\col\15668
|
| 712 |
0 |
2 |
|a Межрегиональный центр по геологической картографии (Геокарт)
|c (Москва)
|2 stltpush
|3 (RuTPU)RU\TPU\col\228
|
| 801 |
|
1 |
|a RU
|b 63413507
|c 20121106
|
| 801 |
|
2 |
|a RU
|b 63413507
|c 20220616
|g RCR
|
| 942 |
|
|
|c BK
|
| 959 |
|
|
|a 145/20121106
|d 1
|e 250,00
|f ЧЗТЛ:1
|